Sneaky parenting (Record no. 464900)

MARC details
000 -LEADER
fixed length control field 00476nam a2200193Ia 4500
008 - FIXED-LENGTH DATA ELEMENTS--GENERAL INFORMATION
fixed length control field 210417s9999 xx 000 0 und d
020 ## - INTERNATIONAL STANDARD BOOK NUMBER
International Standard Book Number 9788130914831
-- 8130914832
082 ## - DEWEY DECIMAL CLASSIFICATION NUMBER
Classification number 649.1 WIL
Item number 22.649.1 WIL
245 #0 - TITLE STATEMENT
Title Sneaky parenting
Statement of responsibility, etc. Sneaky parenting
250 ## - EDITION STATEMENT
Remainder of edition statement 183 p. : col. ill. ; 25 cm. ; pbk.
260 ## - PUBLICATION, DISTRIBUTION, ETC.
Place of publication, distribution, etc. New Delhi
Name of publisher, distributor, etc. Viva Books
Date of publication, distribution, etc. 2010
700 ## - ADDED ENTRY--PERSONAL NAME
Personal name "Wiltshire, Jo"
Numeration Jo Wiltshire
Holdings
Withdrawn status Lost status Source of classification or shelving scheme Damaged status Not for loan Home library Current library Shelving location Date acquired Total Checkouts Full call number Barcode Date last seen Price effective from Koha item type
    Dewey Decimal Classification     Anna Centenary Library Anna Centenary Library 6TH FLOOR, A WING 17.04.2021   649.1 WIL 580787 17.04.2021 17.04.2021 Books

Find us on the map